Descripción económica del reyno de Galicia / (Record no. 153440)

MARC details
000 -LEADER
campo de control de longitud fija 01082nam a22002295i 4500
001 - NÚMERO DE CONTROL
campo de control 153440
003 - IDENTIFICADOR DE NÚMERO DE CONTROL
campo de control ES-MaACL
005 - FECHA Y HORA DE LA ÚLTIMA TRANSACCIÓN
campo de control 20230906205227.0
008 - DATOS DE LONGITUD FIJA--INFORMACIÓN GENERAL
campo de control de longitud fija 941011s1804 sp |||| | spa d
040 ## - FUENTE DE CATALOGACIÓN
Centro catalogador/agencia de origen GA
Lengua de catalogación spa
245 00 - MENCIÓN DEL TÍTULO
Título Descripción económica del reyno de Galicia /
Mención de responsabilidad, etc. por la Junta de Gobierno del Rl. Consulado de La Coruña ; su redactor Don José Lucas Labrada...
260 ## - PUBLICACIÓN, DISTRIBUCIÓN, ETC.
Lugar de publicación, distribución, etc. En Ferrol :
Nombre del editor, distribuidor, etc. [s.n.],
Fecha de publicación, distribución, etc. 1804 (
Lugar de fabricación/manufactura en la Imprenta de Don Lorenzo José Riesgo Montero ...)
300 ## - DESCRIPCIÓN FÍSICA
Extensión 341 p., [1] h. de grab. ;
Dimensiones 31 cm.
530 ## - NOTA DISPONIBLE DE FORMULARIO FÍSICO ADICIONAL
Nota de formato físico adicional disponible Disponible en formato digital.
597 ## - NOTA DE DESCRIPCIÓN FÍSICA
NOTA DE DESCRIPCIÓN FÍSICA La h. de grab. calc.: "Cosme Acuña lo inventó". "Fernando Selma lo grabó", alegoría mitológica del Consulado del Mar.
650 #4 - PUNTO DE ACCESO ADICIONAL DE MATERIA--TÉRMINO DE MATERIA
Término de materia o nombre geográfico como elemento de entrada Galicia-
Subdivisión general Situación económica-
Subdivisión cronológica S. XIX.
9 (RLIN) 136159
700 1# - ENTRADA AGREGADA--NOMBRE PERSONAL
Nombre de persona Labrada, José Lucas.
9 (RLIN) 128549
710 2# - ENTRADA AGREGADA--NOMBRE DE ENTIDAD CORPORATIVA
Nombre de entidad corporativa o nombre de jurisdicción como elemento de entrada Real Consulado de La Coruña.
9 (RLIN) 157225
752 ## - ENTRADA AGREGADA--NOMBRE JERÁRQUICO DEL LUGAR
País o entidad superior España -
Ciudad , El Ferrol
852 ## - LOCALIZACIÓN
Ubicación ES-MaACL
Número de control de estantería R-2754
Nota libre -- Enc. hol.
Encuadernación Olim:C-2088
856 ## - LOCALIZACIÓN Y ACCESO ELECTRÓNICOS
Identificador Uniforme de Recursos <a href="http://bdh-rd.bne.es/viewer.vm?id=0000095705&page=1 ">http://bdh-rd.bne.es/viewer.vm?id=0000095705&page=1 </a>
Nota pública Biblioteca Digital Hispánica
Holdings
Estatus retirado Estado de pérdida Estado de daño No para préstamo Colección Biblioteca de origen Biblioteca actual Ubicación en estantería Fecha de adquisición Fuente de adquisición Total de préstamos Signatura topográfica completa Código de barras Visto por última vez Precio de reemplazo Tipo de ítem Koha
        Colección digital Biblioteca del Ateneo de Madrid Biblioteca del Ateneo de Madrid Depósito 17/01/2008     R-2754 1160363 23/02/2023 23/02/2023 Libro impreso antiguo